Giao lưu văn hoá đối với sự phát triển văn hoá nghệ thuật ở Việt Nam hiện nay : Sách tham khảo /

সংরক্ষণ করুন:
গ্রন্থ-পঞ্জীর বিবরন
প্রধান লেখক: Phạm Duy Đức
বিন্যাস: Sách giấy
ভাষা:Vietnamese
প্রকাশিত: Hà Nội : Chính trị Quốc gia , 1996
ট্যাগগুলো: ট্যাগ যুক্ত করুন
কোনো ট্যাগ নেই, প্রথমজন হিসাবে ট্যাগ করুন!
Thư viện lưu trữ: Thư viện Trường Đại học Đà Lạt
LEADER 00693nam a2200253 4500
001 DLU020012642
005 ##5/26/2000
020 # # |a 978- 
041 # # |a vie 
082 # # |a 303.482  |b PH-D 
090 # # |a 303.482  |b PH-D 
100 # # |a Phạm Duy Đức 
245 # # |a Giao lưu văn hoá đối với sự phát triển văn hoá nghệ thuật ở Việt Nam hiện nay :  |b Sách tham khảo /  |c Phạm Duy Đức 
260 # # |a Hà Nội :  |b Chính trị Quốc gia ,  |c 1996 
300 # # |a 151 tr.;   |c 19 cm. 
992 # # |a 10500 
994 # # |a DLU 
900 # # |a False 
911 # # |a Administrator 
925 # # |a G 
926 # # |a A 
927 # # |a SH 
980 # # |a Thư viện Trường Đại học Đà Lạt